000
00334nam a22001577a 4500
003
SGT
020
_a
9788180388590
082
_a
346.30954,RAN
100
_a
RANCHHODDAS,R
245
_a
THE LAW OF TORTS
250
_a
26TH
260
_a
GURGAON
_b
LEXIS NEXIS
_c
2013
300
_a
899
650
_a
LAW OF TORTS
942
_2
ddc
_c
BK
_0
11
999
_c
9645
_d
9645